[Event "Olimpiade 2014 - Open"]
[Site "Tromsø"]
[Date "02.08.2014"]
[Round "1.26"]
[Board "2"]
[White "Zhigalko, Andrey"]
[Black "Kongsee, Uaychai"]
[Result "1-0"]
[WhiteTitle "GM"]
[WhiteElo "2580"]
[BlackElo "2251"]
[WhiteTeam "Belarus"]
[BlackTeam "Thailand"]
[WhiteFideId "13502247"]
[BlackFideId "6200346"]
[EventDate "2014.08.02"]

1. d4 Nf6 2. c4 c5 3. d5 b5 4. cxb5 a6 5. bxa6 g6 6. Nc3 Bxa6 7. g3 Bg7 8. Bg2
d6 9. Nf3 Nbd7 10. Rb1 O-O 11. O-O Nb6 12. b3 Ne8 13. Bb2 Nc7 14. Qd2 Bxc3 15.
Bxc3 f6 16. Nh4 Qd7 17. f4 Bb7 18. e4 Ra3 19. f5 g5 20. Nf3 Kf7 21. Nxg5+ fxg5
22. Qxg5 Ke8 23. f6 exf6 24. Rxf6 1-0

[Event "Olimpiade 2014 - Open"]
[Site "Tromsø"]
[Date "02.08.2014"]
[Round "1.26"]
[Board "3"]
[White "Pornariyasombat, Atippat"]
[Black "Aleksandrov, Aleksej"]
[Result "0-1"]
[BlackTitle "GM"]
[WhiteElo "2169"]
[BlackElo "2595"]
[WhiteTeam "Thailand"]
[BlackTeam "Belarus"]
[WhiteFideId "6200516"]
[BlackFideId "13500139"]
[EventDate "2014.08.02"]

1. e4 e5 2. Nf3 Nc6 3. d4 exd4 4. Nxd4 Bc5 5. Be3 Qf6 6. c3 Nge7 7. Bc4 O-O 8.
O-O b6 9. Nxc6 Qxc6 10. Bxc5 bxc5 11. Qd3 Bb7 12. Nd2 Rad8 13. Nb3 Ba8 14. Rfe1
Kh8 15. Qe3 d6 16. Qg5 f6 17. Qh4 Ng6 18. Qg3 Ne5 19. Bf1 Qb6 20. h4 f5 21. exf5
Rxf5 22. Rad1 Rdf8 23. Rd2 Rf3 24. Qg5 h6 25. Qh5 R3f5 26. Qd1 Rf4 27. Qh5 Bf3 0-1

[Event "Olimpiade 2014 - Open"]
[Site "Tromsø"]
[Date "02.08.2014"]
[Round "1.26"]
[Board "4"]
[White "Kovalev, Vladislav"]
[Black "Wiwatanadate, Poompong"]
[Result "1-0"]
[WhiteTitle "GM"]
[WhiteElo "2532"]
[BlackElo "2106"]
[WhiteTeam "Belarus"]
[BlackTeam "Thailand"]
[WhiteFideId "13504398"]
[BlackFideId "6201083"]
[EventDate "2014.08.02"]

1. e4 e5 2. Nf3 Nc6 3. Bb5 f5 4. d3 fxe4 5. dxe4 Nf6 6. O-O Bc5 7. Qd3 d6 8. Qc4
Qe7 9. Nc3 Bd7 10. Nd5 Nxd5 11. exd5 Nd4 12. Bxd7+ Qxd7 13. Nxd4 Bxd4 14. a4 a6
15. Be3 Bxe3 16. fxe3 O-O-O 17. Rf3 Rdf8 18. Raf1 Rxf3 19. Rxf3 Qe7 20. Qf1 Kb8
21. Qf2 e4 22. Rf5 g6 23. Rf7 Qe5 24. Qf6 Qxf6 25. Rxf6 Re8 26. a5 g5 27. c4 h5
28. Kf2 Re5 29. b4 Ka7 30. Rh6 h4 31. Re6 Rf5+ 32. Ke2 Re5 33. Rxe5 dxe5 34. g3
hxg3 35. h3 b6 36. c5 Kb7 37. Kf1 bxc5 38. bxc5 Kc8 39. Kg2 Kd7 40. Kxg3 Ke7 41.
Kg4 Kf6 42. Kh5 1-0

[Event "Olimpiade 2014 - Open"]
[Site "Tromsø"]
[Date "02.08.2014"]
[Round "1.27"]
[Board "2"]
[White "Rajaonarison, Faniry"]
[Black "Borisek, Jure"]
[Result "0-1"]
[WhiteTitle "CM"]
[BlackTitle "GM"]
[WhiteElo "2112"]
[BlackElo "2569"]
[WhiteTeam "Madagascar"]
[BlackTeam "Slovenia"]
[WhiteFideId "13100424"]
[BlackFideId "14603152"]
[EventDate "2014.08.02"]

1. e4 e5 2. Nf3 Nc6 3. Bb5 a6 4. Ba4 Nge7 5. Nc3 g6 6. d3 Bg7 7. Bg5 h6 8. Be3
f5 9. exf5 Nxf5 10. Bb3 Na5 11. Qe2 Nxb3 12. axb3 O-O 13. O-O-O d5 14. d4 e4 15.
Ng1 c6 16. Qd2 b5 17. f3 Re8 18. Re1 c5 0-1

[Event "Olimpiade 2014 - Open"]
[Site "Tromsø"]
[Date "02.08.2014"]
[Round "1.27"]
[Board "3"]
[White "Sebenik, Matej"]
[Black "Rakotomaharo, Fy Antenaina"]
[Result "1/2-1/2"]
[WhiteTitle "GM"]
[BlackTitle "CM"]
[WhiteElo "2537"]
[BlackElo "2253"]
[WhiteTeam "Slovenia"]
[BlackTeam "Madagascar"]
[WhiteFideId "14602296"]
[BlackFideId "13100050"]
[EventDate "2014.08.02"]

1. d4 Nf6 2. Nf3 d5 3. c4 c6 4. e3 e6 5. Bd3 Nbd7 6. Nbd2 Bd6 7. O-O O-O 8. e4
dxe4 9. Nxe4 Nxe4 10. Bxe4 h6 11. Bc2 b6 12. Qd3 Nf6 13. Qc3 Qe7 14. a3 a5 15.
b3 Bb7 16. Re1 Rfe8 17. Bb2 Rad8 18. h3 Qf8 19. Qe3 Ba8 20. Ne5 c5 21. dxc5 Bxc5
22. Qf4 Nh5 23. Qc1 Qe7 24. Be4 Bxf2+ 25. Kxf2 Qh4+ 26. Kg1 Bxe4 27. Qe3 f5 28.
Ng6 Qg5 29. Qxg5 hxg5 30. Rad1 Kh7 31. Ne5 Nf4 32. Nf7 Rxd1 33. Rxd1 Bxg2 34.
Rd7 Kg6 35. Ne5+ Kh6 36. Nf7+ Kh5 37. Bxg7 Bc6 38. Rc7 Be4 39. Kh2 Rg8 40. Ne5
g4 41. hxg4+ fxg4 42. Kg3 Ne2+ 43. Kf2 Nc1 44. Ke3 Bb1 45. b4 axb4 46. axb4 Ra8
47. Kd2 Nd3 48. Nxd3 Rd8 49. Be5 Rxd3+ 50. Kc1 Re3 51. Bd4 Re4 52. Bxb6 Ba2 53.
Bf2 Bxc4 54. b5 Bd5 55. b6 Rb4 56. Kc2 Kg5 57. Bc5 Rb3 58. Rd7 Rb5 59. Rg7+ Kf5
60. Bd4 Kf4 61. Kd2 Kf3 62. Rf7+ Ke4 63. Bf2 Rb2+ 64. Kc1 Rb3 65. Rg7 Kf3 66.
Rf7+ Kg2 67. Bd4 e5 68. Rg7 Kf3 69. Bxe5 Rxb6 70. Kd2 Be4 71. Rf7+ Kg2 72. Rf2+
Kxf2 73. Bd4+ Kf1 74. Bxb6 Bb7 1/2-1/2

[Event "Olimpiade 2014 - Open"]
[Site "Tromsø"]
[Date "02.08.2014"]
[Round "1.27"]
[Board "4"]
[White "Rakotoniaina, Antsiva"]
[Black "Tratar, Marko"]
[Result "0-1"]
[BlackTitle "GM"]
[WhiteElo "2014"]
[BlackElo "2490"]
[WhiteTeam "Madagascar"]
[BlackTeam "Slovenia"]
[WhiteFideId "13100173"]
[BlackFideId "14600684"]
[EventDate "2014.08.02"]

1. c4 e5 2. g3 Nc6 3. Bg2 Bc5 4. a3 a6 5. Nc3 d6 6. e3 Ba7 7. b4 Nf6 8. Nge2 O-O
9. Qc2 Re8 10. d3 Ne7 11. Nd5 Nexd5 12. cxd5 Bf5 13. Nc3 Rc8 14. e4 Bd7 15. Be3
Bxe3 16. fxe3 c6 17. O-O cxd5 18. exd5 Ng4 19. Rf3 Qb6 20. Re1 Nxe3 21. Qf2 Rxc3
22. Rfxe3 Rxa3 23. Kh1 Rf8 24. Qb2 Ra4 25. Re4 f5 26. Rh4 a5 27. Bf1 Rxb4 28.
Rxb4 Qxb4 29. Qxb4 axb4 30. Rb1 f4 31. Kg2 fxg3 32. hxg3 Bg4 33. Kg1 Bf3 34. Bg2
Bxg2 35. Kxg2 Rc8 36. Rxb4 Rc5 37. d4 exd4 38. Rxd4 b5 39. Rd3 b4 40. Rb3 Rc2+
41. Kh3 Rc4 42. Re3 Rd4 43. Re8+ Kf7 44. Rb8 Kf6 45. Rb7 h5 46. Kg2 g5 47. Kf3
Rd3+ 48. Kf2 b3 49. Rh7 Rxd5 50. Rxh5 Rd1 0-1

[Event "Olimpiade 2014 - Open"]
[Site "Tromsø"]
[Date "02.08.2014"]
[Round "1.28"]
[Board "1"]
[White "Nadir, Samir"]
[Black "Ivanisevic, Ivan"]
[Result "0-1"]
[WhiteTitle "CM"]
[BlackTitle "GM"]
[WhiteElo "2141"]
[BlackElo "2613"]
[WhiteTeam "Sudan"]
[BlackTeam "Serbia"]
[WhiteFideId "12200085"]
[BlackFideId "912417"]
[EventDate "2014.08.02"]

1. c4 e5 2. Nc3 Nc6 3. Nf3 f5 4. d3 Nf6 5. e3 Bb4 6. Bd2 O-O 7. Be2 d6 8. Qc2
Bxc3 9. Bxc3 Qe8 10. h3 a5 11. a3 Bd7 12. b3 Qg6 13. Rh2 Nd8 14. g3 Qe8 15. Nd2
b5 16. f4 exf4 17. exf4 Ne6 18. O-O-O Qg6 19. Nf1 Bc6 20. cxb5 Bxb5 21. Bf3 Ra6
22. Re2 Nc5 23. Bd4 Bc6 24. Qc4+ Qf7 25. Qxf7+ Kxf7 0-1

[Event "Olimpiade 2014 - Open"]
[Site "Tromsø"]
[Date "02.08.2014"]
[Round "1.28"]
[Board "2"]
[White "Perunovic, Milos"]
[Black "Yaaqoub, Rashid"]
[Result "1-0"]
[WhiteTitle "GM"]
[BlackTitle "FM"]
[WhiteElo "2602"]
[BlackElo "2164"]
[WhiteTeam "Serbia"]
[BlackTeam "Sudan"]
[WhiteFideId "921629"]
[BlackFideId "12200336"]
[EventDate "2014.08.02"]

1. e4 e5 2. Nf3 Nc6 3. Nc3 Nf6 4. Bb5 Bc5 5. O-O O-O 6. Nxe5 Nxe5 7. d4 a6 8.
Be2 Bxd4 9. Qxd4 Nc6 10. Qd3 d6 11. Bg5 h6 12. Bh4 Ne5 13. Qd4 c5 14. Qd1 b5 15.
Nd5 g5 16. Nxf6+ Qxf6 17. Bg3 Rd8 18. f4 Ng6 19. fxg5 Qxg5 20. Kh1 Be6 21. a4 b4
22. Rf2 d5 23. exd5 Rxd5 24. Qf1 Rd2 25. Bf3 Rxf2 26. Bxf2 Rd8 27. Re1 c4 28. c3
bxc3 29. bxc3 Ne5 30. Be3 Qg6 31. Bb7 Rb8 32. Rb1 Bd5 33. Rb6 Bc6 34. Bxc6 Rxb6
35. Bxb6 Qxc6 36. Bd4 Nd3 37. h3 Qe6 38. Qf3 Kh7 39. a5 f5 40. Qb7+ Kg6 41. Qb6
Kf7 42. Kh2 f4 43. Qb7+ Kg6 44. Bb6 Ne1 45. Bf2 Nd3 46. Bd4 Ne1 47. Qb6 Kf5 48.
Qc5+ Kg6 49. h4 Qe2 50. Qc6+ Kf5 51. Qd5+ Kg4 52. Qd7+ 1-0

[Event "Olimpiade 2014 - Open"]
[Site "Tromsø"]
[Date "02.08.2014"]
[Round "1.28"]
[Board "3"]
[White "Ahmed Holi Ali, Moawia"]
[Black "Markus, Robert"]
[Result "0-1"]
[WhiteTitle "CM"]
[BlackTitle "GM"]
[WhiteElo "2067"]
[BlackElo "2602"]
[WhiteTeam "Sudan"]
[BlackTeam "Serbia"]
[WhiteFideId "12200328"]
[BlackFideId "921637"]
[EventDate "2014.08.02"]

1. g3 Nf6 2. Bg2 g6 3. c4 Bg7 4. Nf3 O-O 5. O-O d6 6. d4 Nbd7 7. Nc3 e5 8. dxe5
dxe5 9. Qc2 c6 10. b3 Re8 11. Bb2 e4 12. Ng5 e3 13. f3 Nc5 14. Rad1 Qa5 15. g4
h6 16. Nh3 h5 17. g5 Bf5 18. Qc1 Nfd7 19. f4 Nf8 20. Kh1 Nfe6 21. Ng1 Nd4 22. b4
Qxb4 23. Nd5 cxd5 24. Bxd4 dxc4 25. Bxg7 Kxg7 26. Rd4 Ne4 27. Rxc4 Qd2 28. Qa1+
Kg8 29. Bf3 Qd6 30. Bxe4 Bxe4+ 31. Nf3 Qxf4 32. Qc3 Rad8 33. Qb4 Rd1 34. Rxd1
Bxf3+ 0-1

[Event "Olimpiade 2014 - Open"]
[Site "Tromsø"]
[Date "02.08.2014"]
[Round "1.28"]
[Board "4"]
[White "Sedlak, Nikola"]
[Black "Abdel Wahab, Elkhatem"]
[Result "1-0"]
[WhiteTitle "GM"]
[WhiteElo "2554"]
[BlackElo "2093"]
[WhiteTeam "Serbia"]
[BlackTeam "Sudan"]
[WhiteFideId "922900"]
[BlackFideId "12200239"]
[EventDate "2014.08.02"]

1. d4 Nf6 2. c4 e6 3. Nc3 Bb4 4. Nf3 O-O 5. Bg5 d5 6. e3 c6 7. Qc2 Nbd7 8. cxd5
exd5 9. Bd3 h6 10. Bh4 Re8 11. O-O Nf8 12. Ne5 Be7 13. Rae1 Ng4 14. Bxe7 Qxe7
15. f4 Nxe5 16. fxe5 Be6 17. Qf2 a6 18. Ne2 c5 19. Nf4 Rac8 20. h4 Ng6 21. Nxe6
Qxe6 22. Bf5 Qe7 23. e6 Rc7 24. exf7+ Qxf7 25. Qc2 Nf8 26. Bh7+ Nxh7 27. Rxf7
Rxf7 28. dxc5 Nf6 29. Qd3 Re4 30. Rc1 Rfe7 31. c6 bxc6 32. Rxc6 Rxe3 33. Qg6
Re1+ 34. Kh2 R1e6 35. Rc8+ Re8 36. Rxe8+ Rxe8 37. Qc2 Kf7 38. Qc7+ Re7 39. Qb6
Re6 40. Qa7+ Kf8 41. b4 Rd6 42. Qd4 h5 43. a4 g6 44. Kg3 Ke7 45. Kf3 Kd7 46. Ke3
Ke6 47. Kd3 Nd7 48. Qg7 Ne5+ 49. Ke3 Kf5 50. Qf8+ Ke6 51. Kd4 Nd7 52. Qe8+ Kf6
53. g3 Kf5 54. Qe7 1-0

[Event "Olimpiade 2014 - Open"]
[Site "Tromsø"]
[Date "02.08.2014"]
[Round "1.29"]
[Board "1"]
[White "Fier, Alexandr"]
[Black "Harper, Ryan"]
[Result "1-0"]
[WhiteTitle "GM"]
[BlackTitle "FM"]
[WhiteElo "2570"]
[BlackElo "2236"]
[WhiteTeam "Brazil"]
[BlackTeam "Trinidad & Tobago"]
[WhiteFideId "2107139"]
[BlackFideId "7700156"]
[EventDate "2014.08.02"]

1. d4 d5 2. c4 c6 3. Nc3 Nf6 4. e3 a6 5. Qc2 g6 6. Bd3 Bg7 7. Nf3 Nbd7 8. O-O
O-O 9. b3 Re8 10. Bb2 e5 11. dxe5 dxc4 12. Bxc4 Nxe5 13. Nxe5 Rxe5 14. e4 Rh5
15. Be2 Bg4 16. h3 Bxe2 17. Nxe2 Qe7 18. Ng3 Rh4 19. Rae1 Nh5 20. Nxh5 Bxb2 21.
Qxb2 Rxh5 22. e5 Re8 23. f4 f6 24. Kh2 Qe6 25. exf6 Qxe1 26. Rxe1 Rxe1 27. Qd2
Re6 28. Qd8+ Kf7 29. Qd7+ Kxf6 30. g4 Rd5 31. g5+ Kf5 32. Qf7+ 1-0

[Event "Olimpiade 2014 - Open"]
[Site "Tromsø"]
[Date "02.08.2014"]
[Round "1.29"]
[Board "2"]
[White "Winter Atwell, Adrian"]
[Black "Mekhitarian, Krikor Sevag"]
[Result "0-1"]
[WhiteTitle "CM"]
[BlackTitle "GM"]
[WhiteElo "2110"]
[BlackElo "2568"]
[WhiteTeam "Trinidad & Tobago"]
[BlackTeam "Brazil"]
[WhiteFideId "7700750"]
[BlackFideId "2107660"]
[EventDate "2014.08.02"]

1. e4 c5 2. c3 d5 3. exd5 Qxd5 4. d4 g6 5. Nf3 Bg7 6. Na3 cxd4 7. Bc4 Qe4+ 8.
Be3 Nh6 9. cxd4 O-O 10. Nb5 Nc6 11. Nc3 Qg4 12. h3 Qh5 13. Qd2 Ng4 14. O-O Nxe3
15. fxe3 Bd7 16. Rad1 Rac8 17. Nd5 e6 18. Nf4 Qa5 19. Qe2 Ne7 20. Rfe1 Nf5 21.
Bb3 Rfd8 22. e4 Nd6 23. d5 e5 24. Nd3 Re8 25. Rc1 Qb6+ 26. Qf2 Rxc1 27. Nxc1
Qxf2+ 28. Kxf2 f5 29. exf5 e4 30. Ng5 Bd4+ 31. Kg3 Be5+ 32. Kf2 Bd4+ 33. Kg3
Be5+ 34. Kf2 gxf5 35. Ne2 Bxb2 36. Ne6 Rc8 37. g4 fxg4 38. Rg1 a5 39. Rxg4+ Kh8
40. Rf4 Be5 41. Rh4 a4 42. Bd1 b5 43. N2f4 Bxf4 44. Rxf4 b4 45. Rf8+ Rxf8+ 46.
Nxf8 b3 47. Bxb3 axb3 48. axb3 Bxh3 0-1

[Event "Olimpiade 2014 - Open"]
[Site "Tromsø"]
[Date "02.08.2014"]
[Round "1.29"]
[Board "3"]
[White "Milos, Gilberto"]
[Black "Singh, Ravishen"]
[Result "1-0"]
[WhiteTitle "GM"]
[BlackTitle "CM"]
[WhiteElo "2583"]
[BlackElo "2104"]
[WhiteTeam "Brazil"]
[BlackTeam "Trinidad & Tobago"]
[WhiteFideId "2100029"]
[BlackFideId "7700199"]
[EventDate "2014.08.02"]

1. c4 Nf6 2. Nc3 g6 3. e4 d6 4. d4 Bg7 5. f3 O-O 6. Bg5 Nc6 7. Nge2 a6 8. Qd2
Rb8 9. Rc1 Bd7 10. Nd5 Ne8 11. h4 f6 12. Be3 e6 13. Ndc3 Ne7 14. h5 c6 15. hxg6
hxg6 16. c5 d5 17. Nf4 Qa5 18. exd5 exd5 19. Bd3 Qc7 20. Nce2 f5 21. Nh3 Qd8 22.
Bf4 Nc7 23. Ng5 Re8 24. Be5 Ne6 25. Bxg7 Nxg7 26. Kf2 Ne6 27. Rh6 Nxg5 28. Qxg5
Rf8 29. Rxg6+ Kf7 30. Rf6+ 1-0

[Event "Olimpiade 2014 - Open"]
[Site "Tromsø"]
[Date "02.08.2014"]
[Round "1.29"]
[Board "4"]
[White "Johnson, Joshua"]
[Black "El Debs, Felipe de Cresce"]
[Result "0-1"]
[WhiteTitle "CM"]
[BlackTitle "GM"]
[WhiteElo "2069"]
[BlackElo "2522"]
[WhiteTeam "Trinidad & Tobago"]
[BlackTeam "Brazil"]
[WhiteFideId "7700768"]
[BlackFideId "2106981"]
[EventDate "2014.08.02"]

1. e4 c5 2. Nf3 a6 3. c4 Nc6 4. d4 cxd4 5. Nxd4 e5 6. Nc2 Bc5 7. Nc3 d6 8. Be3
Bxe3 9. Nxe3 Nf6 10. Be2 Be6 11. Qd2 O-O 12. O-O Nd4 13. Rfd1 Rc8 14. Rac1 Qb6
15. b3 Qb4 16. Bd3 b5 17. Nb1 Qxd2 18. Nxd2 b4 19. Nc2 Nxc2 20. Bxc2 Rc6 21. Nf1
Rb8 22. Ne3 Kf8 23. Rd2 g6 24. f3 Ke7 25. Rcd1 a5 26. Rc1 Nd7 27. Nd1 Nb6 28.
Nb2 Rbc8 29. Nd3 f6 30. g3 R6c7 31. Rcd1 Nd7 32. Nf2 Rc6 33. f4 Nc5 34. Re1 a4
35. Nd3 axb3 36. axb3 Nxd3 37. Rxd3 Ra8 38. Red1 Ra2 39. R1d2 Rca6 40. Bd1 Ra1
41. Kf2 R1a2 42. Be2 Rxd2 43. Rxd2 Ra5 44. Bd1 Kd7 45. Be2 Kc6 46. Bf3 Ra3 47.
Bd1 Kc5 48. Bc2 exf4 49. gxf4 g5 50. fxg5 fxg5 51. Bd1 h5 52. Bc2 h4 53. Bd1 g4
54. Kg2 Ra7 55. Kg1 Ra1 56. Kg2 Rc1 57. Kf2 Rc3 58. Kg2 Re3 59. Bc2 Rf3 60. Bd1
h3+ 61. Kg1 Re3 62. Bc2 Re1+ 63. Kf2 Rh1 64. Kg3 Rg1+ 65. Kf4 Rg2 66. Ke3 Rxd2
67. Kxd2 g3 68. e5 g2 0-1

[Event "Olimpiade 2014 - Open"]
[Site "Tromsø"]
[Date "02.08.2014"]
[Round "1.30"]
[Board "1"]
[White "Mueller, Leonhard"]
[Black "Nguyen, Ngoc Truong Son"]
[Result "0-1"]
[WhiteTitle "FM"]
[BlackTitle "GM"]
[WhiteElo "2183"]
[BlackElo "2634"]
[WhiteTeam "Namibia"]
[BlackTeam "Vietnam"]
[WhiteFideId "15200019"]
[BlackFideId "12401110"]
[EventDate "2014.08.02"]

1. d4 d5 2. c4 c6 3. Nf3 Nf6 4. Nc3 e6 5. Bg5 Nbd7 6. cxd5 exd5 7. e3 Qa5 8. Bd3
Ne4 9. O-O Nxg5 10. Nxg5 Nf6 11. e4 dxe4 12. Ngxe4 Be7 13. Nxf6+ Bxf6 14. Re1+
Be6 15. Bc4 O-O-O 16. Bxe6+ fxe6 17. Qg4 Qf5 18. Qe4 Rd6 19. Rad1 Rhd8 20. Qe2
Bxd4 21. Ne4 Rd5 22. Rd3 Bxf2+ 0-1

[Event "Olimpiade 2014 - Open"]
[Site "Tromsø"]
[Date "02.08.2014"]
[Round "1.30"]
[Board "2"]
[White "Nguyen, Duc Hoa"]
[Black "Eichab, Charles"]
[Result "1-0"]
[WhiteTitle "IM"]
[BlackTitle "CM"]
[WhiteElo "2501"]
[BlackElo "2048"]
[WhiteTeam "Vietnam"]
[BlackTeam "Namibia"]
[WhiteFideId "12401358"]
[BlackFideId "15200051"]
[EventDate "2014.08.02"]

1. e4 d5 2. exd5 Qxd5 3. Nc3 Qd6 4. d4 Nf6 5. Nf3 Bf5 6. Bd3 Bxd3 7. Qxd3 c6 8.
Ne5 e6 9. Bf4 Nh5 10. Bd2 Nd7 11. Nc4 Qc7 12. Qf3 Nhf6 13. Bf4 Qd8 14. O-O-O Nb6
15. Na5 Qd7 16. Be5 O-O-O 17. Bxf6 gxf6 18. Qxf6 Bb4 19. Nb3 Bxc3 20. bxc3 Na4
21. Nc5 Nxc5 22. dxc5 Qc7 23. Rd6 b6 24. Rhd1 bxc5 25. Rxd8+ Rxd8 26. Rxd8+ Qxd8
27. Qxf7 Qg5+ 28. Kb2 Qxg2 29. Qxe6+ Kb7 30. f4 Qxh2 31. f5 1-0

[Event "Olimpiade 2014 - Open"]
[Site "Tromsø"]
[Date "02.08.2014"]
[Round "1.30"]
[Board "4"]
[White "Nguyen, Huynh Minh Huy"]
[Black "Handjaba, Mclean"]
[Result "1-0"]
[WhiteTitle "IM"]
[BlackTitle "CM"]
[WhiteElo "2507"]
[BlackElo "2139"]
[WhiteTeam "Vietnam"]
[BlackTeam "Namibia"]
[WhiteFideId "12401269"]
[BlackFideId "15200515"]
[EventDate "2014.08.02"]

1. d4 Nf6 2. Bg5 g6 3. Bxf6 exf6 4. e3 b6 5. Be2 Bb7 6. Bf3 Nc6 7. Ne2 Bg7 8.
O-O f5 9. c4 O-O 10. Nbc3 Na5 11. Bxb7 Nxb7 12. b4 a5 13. b5 Nd6 14. Qd3 c6 15.
Rab1 Rb8 16. Na4 cxb5 17. cxb5 Ne4 18. Nf4 Re8 19. Rbc1 Nf6 20. Qb3 Bf8 21. Nd5
Bd6 22. g3 Nxd5 23. Qxd5 Qf6 24. Rc2 Qe6 25. Qf3 Qe4 26. Qxe4 fxe4 27. Kg2 f5
28. f3 exf3+ 29. Kxf3 Re6 30. Rff2 Rbe8 31. Rfe2 g5 32. Nxb6 Bxg3 33. Nxd7 Bd6
34. b6 g4+ 35. Kf2 Bxh2 36. b7 Bb8 37. Rc8 Kf7 38. Nxb8 Rb6 39. Rc7+ Kg6 40. Nc6 1-0

[Event "Olimpiade 2014 - Open"]
[Site "Tromsø"]
[Date "02.08.2014"]
[Round "1.31"]
[Board "1"]
[White "Lupulescu, Constantin"]
[Black "Pace, Colin"]
[Result "1-0"]
[WhiteTitle "GM"]
[BlackTitle "CM"]
[WhiteElo "2625"]
[BlackElo "2139"]
[WhiteTeam "Romania"]
[BlackTeam "Malta"]
[WhiteFideId "1207822"]
[BlackFideId "5600189"]
[EventDate "2014.08.02"]

1. e4 c5 2. Nf3 g6 3. d4 cxd4 4. Nxd4 Nc6 5. c4 Bg7 6. Be3 Nf6 7. Nc3 d6 8. f3
Bd7 9. Nc2 O-O 10. Be2 Rc8 11. Qd2 b6 12. O-O Ne5 13. b3 Bc6 14. Rac1 Qc7 15.
Nd4 Bb7 16. Nd5 Qd7 17. Bg5 Nc6 18. Nb5 Ba6 19. Nxd6 Rcd8 20. Nb5 Bxb5 21. cxb5
Na5 22. Rc7 Qxc7 23. Nxc7 Rxd2 24. Bxd2 Rc8 25. Rc1 e6 26. Na6 Rxc1+ 27. Bxc1
Nd7 28. Nb4 Bd4+ 29. Kf1 Ne5 30. f4 Bc3 31. Ba3 Nd7 32. Nc6 Nb7 33. e5 Nbc5 34.
Nxa7 Ne4 35. Bd3 Nec5 36. Ke2 g5 37. g3 gxf4 38. gxf4 f6 39. exf6 Bxf6 40. Nc8
Bd4 41. Bc2 h5 42. b4 Nb7 43. Be4 Nd8 44. Bc1 Nf6 45. Bf3 1-0

[Event "Olimpiade 2014 - Open"]
[Site "Tromsø"]
[Date "02.08.2014"]
[Round "1.31"]
[Board "2"]
[White "Zerafa, Robert"]
[Black "Parligras, Mircea-Emilian"]
[Result "0-1"]
[WhiteTitle "CM"]
[BlackTitle "GM"]
[WhiteElo "2084"]
[BlackElo "2574"]
[WhiteTeam "Malta"]
[BlackTeam "Romania"]
[WhiteFideId "5600618"]
[BlackFideId "1204297"]
[EventDate "2014.08.02"]

1. Nf3 d5 2. g3 Nf6 3. Bg2 c6 4. O-O Bg4 5. d4 Nbd7 6. b3 e6 7. Bb2 Be7 8. c4
O-O 9. Nbd2 a5 10. Re1 a4 11. e4 dxe4 12. Nxe4 Bb4 13. Nxf6+ Qxf6 14. Re3 a3 15.
Bc3 Bxc3 16. Rxc3 Rfd8 17. h3 Bh5 18. g4 Bg6 19. Qe1 c5 20. Rd1 cxd4 21. Nxd4
Nc5 22. Nb5 Nd3 23. Qe2 Nf4 24. Rxd8+ Rxd8 25. Qf3 Rd2 26. Kh2 h5 27. Re3 hxg4
28. hxg4 Rxa2 29. b4 Qh4+ 30. Kg1 Ra1+ 31. Bf1 a2 32. Ra3 Bd3 0-1

[Event "Olimpiade 2014 - Open"]
[Site "Tromsø"]
[Date "02.08.2014"]
[Round "1.31"]
[Board "3"]
[White "Jianu, Vlad-Cristian"]
[Black "Zerafa, Patrick"]
[Result "1-0"]
[WhiteTitle "GM"]
[BlackTitle "CM"]
[WhiteElo "2579"]
[BlackElo "2079"]
[WhiteTeam "Romania"]
[BlackTeam "Malta"]
[WhiteFideId "1208110"]
[BlackFideId "5600375"]
[EventDate "2014.08.02"]

1. d4 Nf6 2. c4 g6 3. Nc3 Bg7 4. e4 d6 5. f4 O-O 6. Nf3 Na6 7. Bd3 e5 8. fxe5
dxe5 9. d5 Nh5 10. O-O Qe7 11. Be3 f5 12. Rc1 Nc5 13. Bb1 f4 14. Bf2 a5 15. a3
Bg4 16. b4 Na6 17. c5 axb4 18. axb4 Kh8 19. d6 cxd6 20. cxd6 Qd8 21. Nd5 Rc8 22.
Rxc8 Qxc8 23. Qd3 Rd8 24. Ng5 Rf8 25. h3 Bd7 26. Nb6 Qe8 27. Nxd7 Qxd7 28. b5
Nb8 29. Rc1 h6 30. Rc7 Qe8 31. Re7 Qc8 32. Nf7+ Kh7 33. Nxe5 Qc1+ 34. Qf1 Qa3
35. Qd1 Rc8 36. Rc7 Rd8 37. Nc4 Qc3 38. e5 Ng3 39. Qc2 Qxc2 40. Bxc2 1-0

[Event "Olimpiade 2014 - Open"]
[Site "Tromsø"]
[Date "02.08.2014"]
[Round "1.31"]
[Board "4"]
[White "Vella, Duncan"]
[Black "Vajda, Levente"]
[Result "0-1"]
[WhiteTitle "CM"]
[BlackTitle "GM"]
[WhiteElo "1979"]
[BlackElo "2561"]
[WhiteTeam "Malta"]
[BlackTeam "Romania"]
[WhiteFideId "5600243"]
[BlackFideId "1203975"]
[EventDate "2014.08.02"]

1. e4 d6 2. d4 Nf6 3. Nc3 Nbd7 4. Be3 e5 5. Bc4 Be7 6. h3 O-O 7. Nf3 c6 8. a4 b6
9. O-O a6 10. Qe2 Bb7 11. Rad1 b5 12. dxe5 dxe5 13. axb5 axb5 14. Bb3 Qc7 15.
Nd2 Nc5 16. Qf3 Nxb3 17. Nxb3 b4 18. Ne2 c5 19. Nd2 c4 20. Ng3 c3 21. bxc3 bxc3
22. Nb3 Nxe4 23. Nf5 g6 24. Qg4 Rad8 25. f3 h5 0-1

[Event "Olimpiade 2014 - Open"]
[Site "Tromsø"]
[Date "02.08.2014"]
[Round "1.32"]
[Board "1"]
[White "Kelires, Andreas"]
[Black "Filippov, Anton UZB"]
[Result "1/2-1/2"]
[BlackTitle "GM"]
[WhiteElo "2216"]
[BlackElo "2615"]
[WhiteTeam "Cyprus"]
[BlackTeam "Uzbekistan"]
[WhiteFideId "5900727"]
[BlackFideId "14200988"]
[EventDate "2014.08.02"]

1. d4 Nf6 2. c4 e6 3. g3 d5 4. Bg2 dxc4 5. Nf3 Bb4+ 6. Nbd2 O-O 7. Qc2 c5 8.
dxc5 c3 9. bxc3 Bxc5 10. O-O Nc6 11. Nb3 Be7 12. Rd1 Qc7 13. Nfd4 Bd7 14. Nb5
Qb8 15. Bg5 Rd8 16. Rd2 Ne5 17. a4 a6 18. Bxf6 Bxf6 19. Nd6 Bc6 20. Bxc6 Nxc6
21. Rad1 Be7 22. Nc4 Qc7 23. a5 Rxd2 24. Rxd2 Rd8 25. Rxd8+ Qxd8 26. Qd3 Bf6 27.
Qxd8+ Bxd8 28. e3 Kf8 29. Kf1 Ke7 30. Ke2 Kd7 31. Kd3 Bc7 32. f4 Ne7 33. Nd4 Nc8
34. e4 b6 35. axb6 Nxb6 36. Na5 e5 37. fxe5 Bxe5 38. Ndc6 Bc7 39. Nb4 Na4 40.
Nb3 a5 41. Nd5 Bd8 42. Kc4 Kd6 43. Kb5 Nb2 44. Nxa5 Bxa5 45. Kxa5 Ke5 46. Kb5
Kxe4 47. c4 Nxc4 48. Kxc4 h5 49. Nc3+ Kf3 50. Kd3 Kg2 51. Ke3 Kxh2 52. Kf3 f5
53. Kf4 g5+ 1/2-1/2